header

A practical guide to diagnosing structural movement in buildings (Record no. 78293)

MARC details
000 -LEADER
fixed length control field 01724nam a2200361 a 4500
082 04 - DEWEY DECIMAL CLASSIFICATION NUMBER
Classification number 690/.21
100 1# - MAIN ENTRY--AUTHOR NAME
Personal name Holland, Malcolm.
245 12 - TITLE STATEMENT
Title A practical guide to diagnosing structural movement in buildings
260 ## - PUBLICATION, DISTRIBUTION, ETC. (IMPRINT)
Place of publication Chichester, West Sussex [England] ;
-- Ames, Iowa :
Name of publisher Wiley-Blackwell,
Year of publication 2012.
300 ## - PHYSICAL DESCRIPTION
Number of Pages xv, 220 p. :
Other physical details ill.
505 0# - FORMATTED CONTENTS NOTE
Formatted contents note pt. 1. First principles -- pt. 2. Cracks in buildings not related to foundations -- pt. 3. Cracks in buildings related to the foundations and ground movement -- pt. 4. Repair methods.
650 #0 - SUBJECT ADDED ENTRY--TOPICAL TERM
Topical Term Buildings
Topical Term Earth movements and building
Topical Term Structural analysis (Engineering)
Topical Term Building failures
Topical Term Buildings
856 40 - ELECTRONIC LOCATION AND ACCESS
Uniform Resource Identifier http://site.ebrary.com/lib/rucke/Doc?id=10575693

No items available.

© 2026 Rongo University
Contact us: librarian | system librarian | Rongo university